000 00444nas a22001691c 4500
001 a987696091
008 210302m1956 gw |||| 000u ger d
245 0 0 _aHeimatbuch der Deutschen aus Russland
264 _aStuttgart,
_c[2021]
362 0 _a1956-
700 1 _aStumpp, Karl
_eHerausgeberIn
710 2 _aLandsmannschaft der Deutschen aus Russland
910 0 0 _a1959 ; 1963
942 _cMG
040 _cRU-10907106
003 RU-10907106
999 _c32599
_d32599